Nový zákon o cestnej doprave

Od 1.3.2012 nadobudol účinnosť zákon č. 56/2012 Z.z. o cestnej doprave. Opodstatnenosť prijatia novej právnej úpravy. Základné ustanovenia, druhy cestnej dopravy, preprava nebezpečných vecí, verejná správa, záverečné ustanovenia.

Gespeichert in:
Bibliographische Detailangaben
1. Verfasser: Bonko, Andrej
Format: Buchkapitel
Sprache:Slowakisch
Schlagworte:
Tags: Tag hinzufügen
Keine Tags, Fügen Sie das erste Tag hinzu!

MARC

LEADER 00000naa a2200000 4500
001 0151418
005 20231120102740.0
041 0 |a slo 
044 |a SK 
245 1 0 |a Nový zákon o cestnej doprave  |c Andrej Bonko 
520 |a Od 1.3.2012 nadobudol účinnosť zákon č. 56/2012 Z.z. o cestnej doprave. Opodstatnenosť prijatia novej právnej úpravy. Základné ustanovenia, druhy cestnej dopravy, preprava nebezpečných vecí, verejná správa, záverečné ustanovenia. 
610 2 0 |a doprava cestná 
610 2 0 |a Slovensko 
610 2 0 |a úpravy právne 
100 1 |a Bonko, Andrej